banner-ar

تحسين فاعلية مؤسسات التعليم العالى باستخدام التكنولوجيا : (Record no. 62804)

MARC details
000 -الفاتح
حقل البيانات ثابتة الطول 01170nam a2200265 4500
005 - وقت وتاريخ اخر تعامل مع التسجيلة
رقم الضبط 20240530110608.0
008 - عناصر البيانات ثابتة الطول - معلومات عامة
حقل البيانات ثابتة الطول 160611b xxu||||| |||| 00| 0 eng d
017 ## - رقم الايداع القانونى
رقم الايداع القانونى 2013/4442
المصدر ( الهيئة المختصة) مصر دار الكتب المصرية
020 ## - الرقم الدولى المعيارى للكتب
الرقم الدولى المعيارى للكتاب 9789771028659
040 ## - مصدر الفهرسة
وكالة الفهرسة الأصلية EG-CaGPL
082 04 - رقم تصنيف ديوى العشرى
رقم التصنيف 378.107/
رقم المادة م ت
رقم الطبعة 21
100 0# - المدخل الرئيسى - إسم شخصى
الإسم الشخصى مجدى عبدالوهاب قاسم
245 10 - بيان العنوان
العنوان تحسين فاعلية مؤسسات التعليم العالى باستخدام التكنولوجيا :
بقية العنوان رؤية مستقبلية /
بيان المسئوليه,etc تأليف مجدى عبدالوهاب قاسم، رشا محمود خفاجي، صفاء احمد شحاتة.
250 ## - بيان الطبعة
بيان الطبعة ط .1.
260 ## - PUBLICATION, DISTRIBUTION, ETC. (IMPRINT)
تاريخ النشر أو التوزيع 2013.
300 ## - الوصف المادى
التعداد 496 ص. :
تفاصيل ماديه اخرى للوعاء ايض. ؛
أبعاد الوعاء 25 سم.
504 ## - تبصرة ببليوجرافية
تبصرة ببليوجرافية,الخ يشتمل على ارجاعات ببليوجرافية.
650 05 - المدخل الاضافى بالموضوع-مصطلح موضوعى
مصطلح موضوعي التعليم العالى
650 05 - المدخل الاضافى بالموضوع-مصطلح موضوعى
مصطلح موضوعي الانترنت
650 05 - المدخل الاضافى بالموضوع-مصطلح موضوعى
مصطلح موضوعي تكنولوجيا التعليم
700 0# - المدخل الاضافى - اسم شخصى
الإسم الشخصى رشا محمود خفاجي
الدور مؤلف مشارك.
700 0# - المدخل الاضافى - اسم شخصى
الإسم الشخصى صفاء احمد شحاتة
الدور مؤلف مشارك.
942 ## - عناصر المدخل الإضافي( كوها)
مصدر التصنيف او مخطط الترفيف Dewey Decimal Classification
Koha [default] item type كتاب
260 ## - PUBLICATION, DISTRIBUTION, ETC. (IMPRINT)
-- القاهرة :
-- دار الفكر العربي،
Holdings
حالة التراجع حالة الفقد حالة تلف ليس للاعارة المكان المؤقت الموقع الحالى موقع الترفيف تاريخ الاكتساب اجمالي اﻻعارات رقم الطلب الباركود تاريخ اخر مشاهدة تاريخ تفعيل السعر نوع وعاء كوها
        مكتبة القاهرة الكبرى مكتبة القاهرة الكبرى القاعة الرئيسية 11/10/2016   378.107/ م ت 162669 11/10/2016 11/10/2016 كتاب

Powered By

EGPV